000 00506nam a22001337a 4500
999 _c535672
_d535672
100 _aAhmad, Numan
245 _aEmpirical study to investigate injury severity of vehicular crashes on motorways using ordered probit approach /
_cNuman Ahmad.
260 _aIslamabad:
_bNIT - NUST,
_c2016.
300 _a44 p. : ill. ;
_c30cm.
942 _2ddc
_cTHE
650 _aTransportation Engineering - MS Theses.
_930342
700 _aSup Dr Anwaar Ahmed.
_930425